000 01493nam a22001457a 4500
999 _c514895
_d514895
008 210102b ||||| |||| 00| 0 eng d
100 _aSinha, Amar.
_921962
245 _aAfghanistan: Deja vu or a new beginning
260 _aU.S.I Journal
300 _a150(620), Apr-Jun, 2020: p.127-134
520 _aThe long-negotiated agreement to bring peace to Afghanistan appears to be floundering. While the political standoff between the two leading contenders to Presidency has since defused, and a modus vivendi based on power sharing arrived at, commencement of the much awaited intra- Afghan negotiations are delayed. A successful outcome of Afghan reconciliation will bring to naught decades of support to Taliban from some quarters, which successfully chipped away the international resolve to oppose all terrorist activities in, and emanating from, Afghanistan. But this does not suit some parties. This creates a delicate situation that can easily slip out of control due to continuing gruesome violence even when claimed by other extremist groups operating under new flags and symbols. India has been steadfast in its support to the government of the Islamic Republic of Afghanistan. Despite the adverse security situation, India has continued with its developmental projects. India’s future policy needs to be based on certain realities which the article brings out. - Reproduced
773 _aU.S.I Journal
906 _aINDIA - FOREIGN RELATIONS - AFGHANISTAN
942 _cAR